<?xml version="1.0" encoding="UTF-8"?>
<record
    xmlns:xsi="http://www.w3.org/2001/XMLSchema-instance"
    xsi:schemaLocation="http://www.loc.gov/MARC21/slim http://www.loc.gov/standards/marcxml/schema/MARC21slim.xsd"
    xmlns="http://www.loc.gov/MARC21/slim">

  <leader>00901cam a22002531  4500</leader>
  <controlfield tag="001">ne 63000686 </controlfield>
  <controlfield tag="003">DLC</controlfield>
  <controlfield tag="005">20260227111743.0</controlfield>
  <controlfield tag="008">900503s1962    ua a          000 0 ara c</controlfield>
  <datafield tag="010" ind1=" " ind2=" ">
    <subfield code="a">ne 63000686 </subfield>
  </datafield>
  <datafield tag="025" ind1=" " ind2=" ">
    <subfield code="a">PL480:UAR-23</subfield>
  </datafield>
  <datafield tag="035" ind1=" " ind2=" ">
    <subfield code="a">(OCoLC)21475494</subfield>
  </datafield>
  <datafield tag="040" ind1=" " ind2=" ">
    <subfield code="a">Princeton Univ. Libr.</subfield>
    <subfield code="c">WaU</subfield>
    <subfield code="d">WaU</subfield>
    <subfield code="d">DLC</subfield>
  </datafield>
  <datafield tag="042" ind1=" " ind2=" ">
    <subfield code="a">premarc</subfield>
  </datafield>
  <datafield tag="050" ind1="0" ind2="0">
    <subfield code="a">DS154.54</subfield>
    <subfield code="b">.T3</subfield>
  </datafield>
  <datafield tag="100" ind1="0" ind2=" ">
    <subfield code="a">Talal,</subfield>
    <subfield code="c">King of Jordan,</subfield>
    <subfield code="d">1909-</subfield>
  </datafield>
  <datafield tag="245" ind1="1" ind2="0">
    <subfield code="a">Mudhakkir&#x101;t al-Malik &#x1E6C;al&#x101;l.</subfield>
  </datafield>
  <datafield tag="260" ind1=" " ind2=" ">
    <subfield code="a">[al-Q&#x101;hirah]</subfield>
    <subfield code="b">Mu&#x2BC;assasat R&#x16B;z al-Y&#x16B;suf</subfield>
    <subfield code="c">[1962]</subfield>
  </datafield>
  <datafield tag="300" ind1=" " ind2=" ">
    <subfield code="a">229 p.</subfield>
    <subfield code="b">illus.</subfield>
    <subfield code="c">21 cm.</subfield>
  </datafield>
  <datafield tag="490" ind1="0" ind2=" ">
    <subfield code="a">Kit&#x101;b al-dhahab&#x12B;,</subfield>
    <subfield code="v">95</subfield>
  </datafield>
  <datafield tag="500" ind1=" " ind2=" ">
    <subfield code="a">At head of title: Mamd&#x16B;&#x1E25; Ri&#x1E0D;&#x101;.</subfield>
  </datafield>
  <datafield tag="500" ind1=" " ind2=" ">
    <subfield code="a">"Akht&#x101;r al-Malik &#x1E6C;al&#x101;l al-muqaddim &#x1E62;ub&#x1E25;&#x12B; &#x1E6C;&#x16B;q&#x101;n Bal&#x12B;k&#x16B;n mar&#x101;faqahu wa-sikrit&#x12B;ruhu al-kh&#x101;&#x1E63;&#x1E63;... [wa-]&#x1E6D;alaba ilayhi...an yus&#x101;&#x2BB;idahu f&#x12B; kit&#x101;bat madhakkir&#x101;tih"</subfield>
  </datafield>
  <datafield tag="600" ind1="1" ind2="0">
    <subfield code="a">Rid&#x101;, Mamd&#x16B;&#x1E25;.</subfield>
  </datafield>
  <datafield tag="999" ind1=" " ind2=" ">
    <subfield code="c">45747</subfield>
    <subfield code="d">45747</subfield>
  </datafield>
</record>
